Normal view
MARC view
- Arwen Mohun
Entry Personal Name
001 - CONTROL NUMBER
- control field: 25962
003 - CONTROL NUMBER IDENTIFIER
- control field: NUST
005 - DATE AND TIME OF LATEST TRANSACTION
- control field: 20191120160134.0
008 - FIXED-LENGTH DATA ELEMENTS
- fixed length control field: 191120|| aca||aabn | a|a d
040 ## - CATALOGING SOURCE
- Original cataloging agency: NUST
- Transcribing agency: NUST
100 ## - HEADING--PERSONAL NAME
- Personal name: Arwen Mohun
670 ## - SOURCE DATA FOUND
- Source citation: Work cat.: (NUST): Arwen Mohun, Risk: Negotiating Safety in American Society, c2013
